| 000 | 00382cam a22001217a 4500 | ||
|---|---|---|---|
| 008 | 180718b-- xxu||||| |||| 00| 0 eng d | ||
| 082 | _aK23x5442 M278/2 | ||
| 100 | _aMaharashtra. Second Pay Commission | ||
| 245 | _aReport of the Second Pay Commission, Maharashtra (1975-1977) | ||
| 260 |
_aBombay _bThe author _c-- |
||
| 500 | _aChairman: B.R. Bhole | ||
| 700 | _aBhole, R.R. (Chairman) | ||
| 999 |
_c489338 _d489338 |
||